| 000 | 00707cam a2200229 4500 | ||
|---|---|---|---|
| 001 | J2308 | ||
| 008 | 090401t1994 xxu||||| |||| 00| 0 eng d | ||
| 035 | _a(Sirsi) u48255 | ||
| 041 | _aeng | ||
| 050 | _a690.24 | ||
| 110 |
_aBuilding Maintenance Information Ltd _92307 |
||
| 245 | _aMaintenance cost trends (wall chart) 1994. | ||
| 260 |
_aKingston upon Thames _bBuilding Maintenance Information Ltd _c1994 |
||
| 300 | _a1 wall chart: col. ; 60x42cm. | ||
| 350 | _a5 | ||
| 650 | _aBUILT ENVIRONMENT-BUILDING COSTS | ||
| 650 | _aBUILT ENVIRONMENT-BUILDING MAINTENANCE AND REFURBISHMENT | ||
| 650 | _aWALL CHARTS | ||
| 690 | _aBUILT ENVIRONMENT-BUILDING COSTS | ||
| 942 | _n0 | ||
| 948 | _c04/03/1997 | ||
| 999 |
_c92308 _d92308 |
||